Statistics for Where is that Geoguessr screenshot?

Click here to take the quiz!

General Stats

  • This quiz has been taken 280 times
  • The average score is 8 of 12

Answer Stats

Answer% Correct
Germany
83%
Taiwan
79%
Montenegro
73%
Colombia
72%
Senegal
71%
Israel
70%
Kenya
70%
Mongolia
70%
Italy
69%
Australia
68%
Peru
61%
Japan
59%

Score Distribution

Percentile by Number Answered

Percent of People with Each Score

Your Score History

You have not taken this quiz